| 000 | 00657nam a2200121Ia 4500 | ||
|---|---|---|---|
| 008 | 220615s9999||||xx |||||||||||||| ||und|| | ||
| 100 | _aRoy, Deboleena | ||
| 245 | 0 |
_aMolecular Feminisms _bBiology, Becomings, and Life in the Lab |
|
| 546 | _aEnglish[eng] | ||
| 650 | _aSociology||Women's, Gender, and Sexuality Studies||Science and Technology Studies | ||
| 856 | _uhttps://library.oapen.org/bitstream/20.500.12657/27684/1/1002322.pdf||https://library.oapen.org/bitstream/20.500.12657/27684/1/1002322.pdf||https://library.oapen.org/bitstream/20.500.12657/27684/1/1002322.pdf||https://library.oapen.org/bitstream/20.500.12657/27684/1/1002322.pdf | ||
| 942 | _cEB | ||
| 999 |
_c15757 _d15757 |
||